Germany : (Record no. 21685)
[ view plain ]
| 000 -LEADER | |
|---|---|
| fixed length control field | 00886cam a22002891 4500 |
| 001 - CONTROL NUMBER | |
| control field | 21685 |
| 003 - CONTROL NUMBER IDENTIFIER | |
| rucl marc code | BD-RjUL |
| 005 - DATE AND TIME OF LATEST TRANSACTION | |
| control field | 20211209000721.0 |
| 008 - FIXED-LENGTH DATA ELEMENTS--GENERAL INFORMATION | |
| fixed length control field | 140305s1953 enkab b 001 0 eng |
| 035 ## - SYSTEM CONTROL NUMBER | |
| System control number | (BD-RjUL)21750 |
| System control number | (OCoLC)505665 |
| 040 ## - CATALOGING SOURCE | |
| Original cataloging agency | DLC |
| Transcribing agency | OClW |
| Modifying agency | OCoLC |
| -- | DLC |
| -- | BD-RjUL |
| Language of cataloging | eng |
| 041 ## - LANGUAGE CODE | |
| Language code of text/sound track or separate title | eng |
| 082 00 - DEWEY DECIMAL CLASSIFICATION NUMBER | |
| Classification number | 914.3 |
| Author mark and year | DIG 1953 |
| 100 1# - MAIN ENTRY--PERSONAL NAME | |
| Personal name | Dickinson, Robert Eric, |
| Dates associated with a name | 1905- |
| 9 (RLIN) | 49849 |
| 245 10 - TITLE STATEMENT | |
| Title | Germany : |
| Remainder of title | a general and regional geography / |
| Statement of responsibility, etc. | Robert Eric Dickinson. |
| 250 ## - EDITION STATEMENT | |
| Edition statement | [1st ed.] |
| 260 ## - PUBLICATION, DISTRIBUTION, ETC. (IMPRINT) | |
| Place of publication, distribution, etc. | London : |
| Name of publisher, distributor, etc. | Methuen, |
| Date of publication, distribution, etc. | 1953. |
| 300 ## - PHYSICAL DESCRIPTION | |
| Pagination | xx, 700 p. : |
| Illustrations | illus., maps. ; |
| Size | 23 cm. |
| 490 0# - SERIES STATEMENT | |
| Series statement | [Dutton advanced geographies] |
| 504 ## - BIBLIOGRAPHY, ETC. NOTE | |
| Bibliography, etc | Bibliography: p. 666-685 and index. |
| 650 #0 - SUBJECT ADDED ENTRY--TOPICAL TERM | |
| Topical term or geographic name as entry element | Physical geography |
| Geographic subdivision | Germany. |
| 9 (RLIN) | 66972 |
| 651 #0 - SUBJECT ADDED ENTRY--GEOGRAPHIC NAME | |
| Geographic name | Germany |
| General subdivision | Description and travel. |
| 9 (RLIN) | 66973 |
| 942 ## - ADDED ENTRY ELEMENTS (KOHA) | |
| Source of classification or shelving scheme | Dewey Decimal Classification |
| Koha item type | Books |
| Lost status | Source of classification or shelving scheme | Damaged status | Not for loan | Collection code | Permanent Location | Current Location | Shelving location | Date acquired | Source of acquisition | Total Checkouts | Full call number | Date last seen | Copy number | Koha item type |
|---|---|---|---|---|---|---|---|---|---|---|---|---|---|---|
| Dewey Decimal Classification | Non-fiction | Central Library, University of Rajshahi | Central Library, University of Rajshahi | 14/05/1975 | B.N.B.C | 914.3 DIG 1953 | 05/03/2014 | C-6 | Books |